[Event "PMPJ 2022 - C15"]
[Site "Jastrzebia Gora"]
[Date "2022.11.12"]
[Round "8.14"]
[White "Chmura, Eryk"]
[Black "Jankowski, Franciszek"]
[Result "1-0"]
[BlackElo "1500"]
[WhiteElo "1614"]
[LiveChessVersion "1.4.4"]

1. e4 {[%clk 1:30:58]} c5 {[%clk 1:28:02]} 2. c3 {[%clk 1:31:20]} d5
{[%clk 1:28:23]} 3. exd5 {[%clk 1:31:44]} Qxd5 {[%clk 1:28:48]} 4. d4
{[%clk 1:32:07]} Nf6 {[%clk 1:29:06]} 5. Nf3 {[%clk 1:32:32]} Nc6
{[%clk 1:28:22]} 6. dxc5 {[%clk 1:32:51]} Qxd1+ {[%clk 1:27:24]} 7. Kxd1
{[%clk 1:33:13]} a5 {[%clk 1:19:40]} 8. Bb5 {[%clk 1:28:35]} Bg4 {[%clk 1:17:19]}
9. h3 {[%clk 1:24:17]} Rd8+ {[%clk 1:12:57]} 10. Nbd2 {[%clk 1:24:32]} Bd7
{[%clk 1:10:39]} 11. a3 {[%clk 1:17:49]} Ne5 {[%clk 1:04:04]} 12. Bxd7+
{[%clk 1:17:47]} Nfxd7 {[%clk 1:03:56]} 13. Nxe5 {[%clk 1:14:41]} Nxe5
{[%clk 1:04:20]} 14. b4 {[%clk 1:11:18]} g6 {[%clk 1:01:37]} 15. Kc2
{[%clk 1:08:45]} Bg7 {[%clk 1:00:59]} 16. Nb3 {[%clk 1:04:01]} a4
{[%clk 0:50:55]} 17. Na5 {[%clk 1:00:26]} O-O {[%clk 0:42:15]} 18. Nxb7
{[%clk 0:49:59]} Rd7 {[%clk 0:36:06]} 19. Na5 Rfd8 {[%clk 0:34:08]} 20. Be3
{[%clk 0:50:18]} Rd3 {[%clk 0:17:13]} 21. Rad1 {[%clk 0:47:00]} Rxd1
{[%clk 0:10:33]} 22. Rxd1 {[%clk 0:46:41]} Rxd1 {[%clk 0:08:05]} 23. Kxd1
{[%clk 0:47:05]} Kf8 {[%clk 0:07:51]} 24. f4 {[%clk 0:45:37]} Nd3
{[%clk 0:04:18]} 25. Kd2 {[%clk 0:45:57]} Nxf4 {[%clk 0:04:25]} 26. Bxf4
{[%clk 0:46:18]} e5 {[%clk 0:04:37]} 27. Bh2 {[%clk 0:46:29]} Ke8
{[%clk 0:04:38]} 28. Nc4 {[%clk 0:46:26]} f6 {[%clk 0:04:28]} 29. Kd3
{[%clk 0:46:00]} Kd7 {[%clk 0:04:23]} 30. Nb6+ {[%clk 0:46:08]} Ke6
{[%clk 0:04:38]} 31. Kc4 {[%clk 0:43:30]} f5 {[%clk 0:04:32]} 32. Nd5
{[%clk 0:43:48]} f4 {[%clk 0:04:22]} 33. b5 {[%clk 0:43:29]} g5 {[%clk 0:04:18]}
34. b6 {[%clk 0:43:40]} e4 {[%clk 0:04:27]} 35. Nxf4+ {[%clk 0:42:47]} 1-0

[Event "PMPJ 2022 - C15"]
[Site "Jastrzebia Gora"]
[Date "2022.11.12"]
[Round "8.15"]
[White "Bajer, Tomasz"]
[Black "Marek, Grzegorz"]
[Result "0-1"]
[BlackElo "1614"]
[WhiteElo "1409"]
[LiveChessVersion "1.4.4"]

1. d4 Nf6 2. c4 b6 3. Nc3 Bb7 4. Qc2 d5 5. cxd5 Nxd5 6. e4 Nxc3 7. bxc3 e6 8. Nf3
Be7 9. Bb5+ c6 10. Bd3 c5 11. O-O h6 12. Bb5+ Bc6 13. Bxc6+ Nxc6 14. Qa4 Qd7 15.
d5 Ne5 16. Qxd7+ Nxd7 17. Bf4 Nf6 18. d6 Bf8 19. Rfe1 Nd7 20. e5 Nb8 21. Nd2 Kd7
22. Bg3 f5 23. a4 a5 24. Rab1 Kc6 25. Nc4 Nd7 26. Na3 g5 27. f4 Rg8 28. Nb5 Rg6
29. Nc7 Rc8 30. c4 Bg7 31. Rbd1 Rg8 32. Rd2 Bh8 33. Re3 Rf8 34. Rdd3 h5 35. h4
gxf4 36. Bxf4 Rfg8 37. g3 Bg7 38. Kf2 Bh6 39. Bxh6 Rxh6 40. Rc3 Rg4 41. Ne8 Rhg6
42. Nc7 f4 43. gxf4 Rxf4+ 44. Ke1 Rxh4 45. Rc2 Rf4 46. Rg2 Rxg2 47. Nxe6 Rxc4 48.
Nd8+ Kd5 49. Kf1 Rh2 50. Kg1 Rd2 51. Re1 Nxe5 52. Nb7 Nf3+ 53. Kf1 Rg4 54. Rd1
Rg1# 0-1

[Event "PMPJ 2022 - C15"]
[Site "Jastrzebia Gora"]
[Date "2022.11.12"]
[Round "8.16"]
[White "Grzadka, Artur"]
[Black "Grabowski, Wojciech"]
[Result "1/2-1/2"]
[BlackElo "1448"]
[WhiteElo "1687"]
[LiveChessVersion "1.4.4"]

1. e4 {[%clk 1:30:48]} e5 {[%clk 1:30:52]} 2. Nf3 {[%clk 1:31:13]} Nc6
{[%clk 1:31:16]} 3. Bc4 {[%clk 1:31:34]} Bc5 {[%clk 1:31:41]} 4. c3
{[%clk 1:31:44]} Nf6 {[%clk 1:31:34]} 5. b4 {[%clk 1:31:54]} Bb6 {[%clk 1:31:57]}
6. d3 {[%clk 1:31:39]} d6 {[%clk 1:31:54]} 7. O-O {[%clk 1:31:20]} h6
{[%clk 1:32:16]} 8. a4 {[%clk 1:30:43]} a5 {[%clk 1:30:57]} 9. b5
{[%clk 1:31:05]} Ne7 {[%clk 1:31:20]} 10. Nbd2 {[%clk 1:30:25]} Ng6
{[%clk 1:30:12]} 11. Bb3 {[%clk 1:29:00]} c6 {[%clk 1:22:00]} 12. Nc4
{[%clk 1:28:11]} Bg4 {[%clk 1:21:12]} 13. Be3 {[%clk 1:25:09]} Bxe3
{[%clk 1:20:29]} 14. Nxe3 {[%clk 1:25:32]} Be6 {[%clk 1:20:37]} 15. Nf5
{[%clk 1:05:41]} O-O {[%clk 1:20:09]} 16. Re1 {[%clk 1:05:11]} Qd7
{[%clk 1:14:31]} 17. bxc6 {[%clk 0:53:09]} bxc6 {[%clk 1:12:39]} 18. Bxe6
{[%clk 0:40:21]} Qxe6 {[%clk 1:11:43]} 19. Rb1 {[%clk 0:37:51]} Rab8
{[%clk 0:59:37]} 20. Qc2 {[%clk 0:36:42]} Ne7 {[%clk 0:56:17]} 21. d4
{[%clk 0:30:59]} g6 {[%clk 0:53:10]} 22. Nxd6 {[%clk 0:29:46]} Qxd6
{[%clk 0:52:55]} 23. dxe5 {[%clk 0:30:03]} Qe6 {[%clk 0:53:12]} 24. exf6
{[%clk 0:29:38]} Qxf6 {[%clk 0:53:39]} 25. Red1 {[%clk 0:14:42]} Qe6
{[%clk 0:50:22]} 26. Rd4 {[%clk 0:05:44]} Rxb1+ {[%clk 0:49:12]} 27. Qxb1
{[%clk 0:06:13]} c5 {[%clk 0:49:22]} 28. Rd1 {[%clk 0:06:19]} Qc4
{[%clk 0:47:26]} 29. Qc2 {[%clk 0:06:39]} Nc6 {[%clk 0:47:31]} 30. h3
{[%clk 0:04:00]} Re8 {[%clk 0:44:42]} 31. Rd6 {[%clk 0:02:25]} Nb4
{[%clk 0:41:03]} 32. Qd2 {[%clk 0:01:48]} Na2 {[%clk 0:41:09]} 33. Qxh6
{[%clk 0:01:26]} Qxe4 {[%clk 0:35:14]} 34. Rd7 {[%clk 0:00:42]} Qf5
{[%clk 0:30:11]} 35. Qd2 {[%clk 0:00:35]} Nxc3 {[%clk 0:27:58]} 36. Rd8
{[%clk 0:00:55]} Rxd8 {[%clk 0:26:09]} 37. Qxd8+ {[%clk 0:01:23]} Kg7
{[%clk 0:26:36]} 38. Qxa5 {[%clk 0:01:12]} Qb1+ {[%clk 0:24:40]} 39. Kh2
{[%clk 0:01:33]} Qb8+ {[%clk 0:23:14]} 40. Kg1 {[%clk 0:01:37]} Qb1+
{[%clk 0:23:38]} 41. Kh2 {[%clk 0:01:41]} Qb8+ {[%clk 0:24:01]} 42. g3
{[%clk 0:00:51]} Qb2 {[%clk 0:14:23]} 43. Qxc5 {[%clk 0:00:47]} Nxa4
{[%clk 0:14:44]} 44. Qd4+ {[%clk 0:00:49]} Qxd4 {[%clk 0:15:11]} 45. Nxd4
{[%clk 0:01:14]} Nc3 {[%clk 0:15:23]} 46. Kg2 {[%clk 0:01:38]} f5
{[%clk 0:15:14]} 47. Kf3 {[%clk 0:01:58]} Kf6 {[%clk 0:15:35]} 48. Ne2
{[%clk 0:02:16]} Nd5 {[%clk 0:14:10]} 49. Nf4 {[%clk 0:02:22]} Ne7
{[%clk 0:14:10]} 50. Nd3 {[%clk 0:01:45]} g5 {[%clk 0:14:08]} 51. Ke3
{[%clk 0:01:52]} Nd5+ {[%clk 0:09:57]} 52. Kd4 {[%clk 0:02:15]} Ne7
{[%clk 0:10:23]} 53. Nb4 {[%clk 0:02:17]} Ke6 {[%clk 0:10:39]} 54. Nd3
{[%clk 0:01:17]} Nc6+ {[%clk 0:10:51]} 55. Kc5 {[%clk 0:01:35]} Ne7
{[%clk 0:11:10]} 56. Kc4 {[%clk 0:01:57]} Ng6 {[%clk 0:10:40]} 57. Kd4
{[%clk 0:01:59]} Kd6 {[%clk 0:10:45]} 58. Nc5 {[%clk 0:01:48]} Ne7
{[%clk 0:10:20]} 59. Nb7+ {[%clk 0:02:00]} Kc7 {[%clk 0:10:16]} 60. Na5
{[%clk 0:02:11]} Kd6 {[%clk 0:10:22]} 61. Nc4+ {[%clk 0:02:34]} Ke6
{[%clk 0:10:40]} 62. Kc5 {[%clk 0:02:26]} Kd7 {[%clk 0:10:06]} 63. Ne3
{[%clk 0:01:14]} Ke6 {[%clk 0:10:23]} 64. Nc2 {[%clk 0:01:24]} Ke5
{[%clk 0:09:09]} 65. Ne1 {[%clk 0:01:31]} Ng6 {[%clk 0:05:17]} 66. Nf3+
{[%clk 0:01:48]} Kf6 {[%clk 0:05:43]} 67. Kd6 {[%clk 0:01:10]} g4
{[%clk 0:02:50]} 68. hxg4 {[%clk 0:01:34]} fxg4 {[%clk 0:03:19]} 69. Ne1
{[%clk 0:01:45]} Kf5 {[%clk 0:02:59]} 70. Kd5 {[%clk 0:01:30]} Nf4+
{[%clk 0:01:37]} 71. Kd4 {[%clk 0:01:17]} Ne6+ {[%clk 0:01:08]} 72. Ke3
{[%clk 0:01:42]} Ke5 {[%clk 0:01:17]} 73. Ng2 {[%clk 0:01:49]} Kf5
{[%clk 0:01:23]} 74. Nf4 {[%clk 0:02:06]} Ng5 {[%clk 0:01:30]} 75. Ne2
{[%clk 0:01:25]} Nf7 {[%clk 0:01:00]} 76. Nd4+ {[%clk 0:01:34]} Ke5
{[%clk 0:01:10]} 77. Nc6+ {[%clk 0:01:57]} Kd6 {[%clk 0:00:58]} 78. Nb4
{[%clk 0:02:14]} Ke5 {[%clk 0:01:10]} 79. Nd3+ {[%clk 0:02:35]} Kf5
{[%clk 0:01:25]} 80. Kd4 {[%clk 0:02:40]} Ng5 {[%clk 0:01:28]} 81. Ne1
{[%clk 0:02:41]} Ne6+ {[%clk 0:01:40]} 82. Kd5 {[%clk 0:02:59]} Nf4+
{[%clk 0:01:58]} 83. Kd4 {[%clk 0:02:57]} Ne6+ {[%clk 0:02:20]} 84. Kd3
{[%clk 0:03:22]} Nc5+ {[%clk 0:02:07]} 85. Ke2 {[%clk 0:03:32]} Ne6
{[%clk 0:02:00]} 86. Ng2 {[%clk 0:03:15]} Nd4+ {[%clk 0:01:02]} 87. Kd3
{[%clk 0:03:30]} Ne6 {[%clk 0:01:25]} 88. Ne3+ {[%clk 0:03:38]} Ke5 89. Ke4+
1/2-1/2

[Event "PMPJ 2022 - C15"]
[Site "Jastrzebia Gora"]
[Date "2022.11.12"]
[Round "8.17"]
[White "Klisowski, Bartosz"]
[Black "Mazurek, Filip"]
[Result "1-0"]
[BlackElo "1269"]
[WhiteElo "1634"]
[LiveChessVersion "1.4.4"]

1. d4 {[%clk 1:30:49]} Nf6 {[%clk 1:30:52]} 2. Nf3 {[%clk 1:30:57]} e6
{[%clk 1:31:13]} 3. g3 {[%clk 1:31:25]} d5 {[%clk 1:31:13]} 4. Bg2
{[%clk 1:31:43]} Be7 {[%clk 1:31:33]} 5. O-O {[%clk 1:31:42]} O-O
{[%clk 1:31:54]} 6. c4 {[%clk 1:32:11]} c6 {[%clk 1:32:11]} 7. Nbd2
{[%clk 1:32:02]} b6 {[%clk 1:32:17]} 8. Qc2 {[%clk 1:32:18]} Bb7 {[%clk 1:31:59]}
9. e4 {[%clk 1:28:41]} dxe4 {[%clk 1:29:24]} 10. Nxe4 {[%clk 1:29:08]} Nbd7
{[%clk 1:23:20]} 11. Nxf6+ {[%clk 1:12:35]} Nxf6 {[%clk 1:23:29]} 12. Rd1
{[%clk 1:12:53]} Qc8 {[%clk 1:20:21]} 13. Ne5 {[%clk 1:03:28]} Rd8
{[%clk 1:15:09]} 14. b3 {[%clk 0:52:07]} c5 {[%clk 1:12:45]} 15. Bxb7
{[%clk 0:49:58]} Qxb7 {[%clk 1:13:04]} 16. Bb2 {[%clk 0:48:34]} Qc7
{[%clk 1:09:56]} 17. Qe2 {[%clk 0:42:32]} cxd4 {[%clk 1:09:20]} 18. Bxd4
{[%clk 0:41:59]} Bc5 {[%clk 1:07:32]} 19. Bxc5 {[%clk 0:35:27]} Qxc5
{[%clk 1:07:46]} 20. Qb2 {[%clk 0:35:37]} Rac8 {[%clk 1:01:21]} 21. b4
{[%clk 0:33:21]} Qc7 {[%clk 1:01:21]} 22. Rac1 {[%clk 0:30:15]} h6
{[%clk 0:58:57]} 23. b5 {[%clk 0:26:51]} Qc5 {[%clk 0:54:55]} 24. Nc6
{[%clk 0:25:00]} Rxd1+ {[%clk 0:53:37]} 25. Rxd1 {[%clk 0:25:29]} Kh8
{[%clk 0:49:30]} 26. Qd4 {[%clk 0:21:05]} Qxd4 {[%clk 0:45:04]} 27. Rxd4
{[%clk 0:21:30]} Ra8 {[%clk 0:45:24]} 28. Rd8+ {[%clk 0:20:35]} Rxd8
{[%clk 0:45:40]} 29. Nxd8 {[%clk 0:21:04]} Kg8 {[%clk 0:46:07]} 30. Nc6
{[%clk 0:21:28]} Ne4 {[%clk 0:46:13]} 31. Nxa7 {[%clk 0:20:52]} Nd6
{[%clk 0:46:33]} 32. c5 {[%clk 0:14:24]} bxc5 {[%clk 0:46:42]} 33. Kf1
{[%clk 0:14:39]} Kf8 {[%clk 0:46:52]} 34. a4 {[%clk 0:14:40]} Ke7
{[%clk 0:47:13]} 35. Ke2 {[%clk 0:14:14]} Kd8 {[%clk 0:47:23]} 36. Nc6+
{[%clk 0:12:29]} Kc7 {[%clk 0:47:30]} 37. Kd3 {[%clk 0:12:47]} Kb6
{[%clk 0:47:33]} 38. Ne5 {[%clk 0:12:55]} Ka5 {[%clk 0:46:53]} 39. Nc4+
{[%clk 0:12:20]} Nxc4 {[%clk 0:46:50]} 40. Kxc4 {[%clk 0:12:49]} Kb6
{[%clk 0:47:10]} 41. a5+ {[%clk 0:12:40]} 1-0

[Event "PMPJ 2022 - C15"]
[Site "Jastrzebia Gora"]
[Date "2022.11.12"]
[Round "8.18"]
[White "Paluszek, Jan"]
[Black "Zawadzki, Bartosz"]
[Result "0-1"]
[BlackElo "1624"]
[WhiteElo "1348"]
[LiveChessVersion "1.4.4"]

1. e4 {[%clk 1:31:00]} e6 {[%clk 1:30:52]} 2. d4 {[%clk 1:31:17]} d5
{[%clk 1:31:17]} 3. exd5 {[%clk 1:31:37]} exd5 {[%clk 1:31:39]} 4. Bd3
{[%clk 1:32:03]} Nc6 {[%clk 1:31:52]} 5. Ne2 {[%clk 1:31:49]} Bd6
{[%clk 1:30:17]} 6. Nbc3 {[%clk 1:31:50]} Nge7 {[%clk 1:29:57]} 7. Be3
{[%clk 1:31:13]} a6 {[%clk 1:27:58]} 8. Qd2 {[%clk 1:31:10]} Nb4 {[%clk 1:27:33]}
9. Nf4 {[%clk 1:29:19]} Nxd3+ {[%clk 1:26:22]} 10. Qxd3 {[%clk 1:29:46]} Bf5
{[%clk 1:26:10]} 11. Qe2 {[%clk 1:29:26]} c6 {[%clk 1:25:10]} 12. g4
{[%clk 1:27:15]} Bd7 {[%clk 1:23:20]} 13. Nh5 {[%clk 1:25:32]} O-O
{[%clk 1:15:52]} 14. f4 {[%clk 1:20:43]} f5 {[%clk 1:09:01]} 15. O-O-O
{[%clk 1:16:07]} fxg4 {[%clk 1:02:32]} 16. Ng3 {[%clk 1:05:26]} Nf5
{[%clk 0:53:40]} 17. Nxf5 {[%clk 1:05:31]} Bxf5 {[%clk 0:53:04]} 18. Qf2
{[%clk 1:01:38]} Qc7 {[%clk 0:47:24]} 19. Rhg1 {[%clk 0:58:24]} Rae8
{[%clk 0:46:21]} 20. Rdf1 {[%clk 0:53:19]} Re7 {[%clk 0:40:00]} 21. Bd2
{[%clk 0:52:14]} Rfe8 {[%clk 0:36:08]} 22. Qh4 {[%clk 0:46:00]} Bb4
{[%clk 0:33:31]} 23. Qg5 {[%clk 0:45:20]} Qd7 {[%clk 0:32:32]} 24. Qh4
{[%clk 0:25:29]} b5 {[%clk 0:20:56]} 25. Rf2 {[%clk 0:21:49]} Ba5
{[%clk 0:18:02]} 26. Rgg2 {[%clk 0:21:10]} Bb6 {[%clk 0:17:30]} 27. Ne2
{[%clk 0:18:45]} c5 {[%clk 0:15:37]} 28. Ng3 {[%clk 0:18:52]} Bd8
{[%clk 0:12:25]} 29. Nxf5 {[%clk 0:14:26]} Re1+ {[%clk 0:12:28]} 30. Bxe1
{[%clk 0:14:54]} Bxh4 {[%clk 0:12:48]} 31. Nxh4 {[%clk 0:14:49]} Rxe1+
{[%clk 0:13:10]} 32. Kd2 {[%clk 0:15:18]} Qe7 {[%clk 0:12:07]} 33. Rg3
{[%clk 0:14:12]} Re4 {[%clk 0:10:42]} 34. Ng2 {[%clk 0:11:32]} Rxd4+
{[%clk 0:10:58]} 35. Kc1 {[%clk 0:11:25]} h5 {[%clk 0:10:22]} 36. Re3
{[%clk 0:08:58]} Re4 {[%clk 0:10:25]} 37. Rd3 {[%clk 0:09:07]} d4
{[%clk 0:10:21]} 38. h4 {[%clk 0:07:21]} gxh3 {[%clk 0:10:00]} 39. Rxh3
{[%clk 0:07:35]} Re2 {[%clk 0:09:54]} 40. Rhf3 {[%clk 0:07:03]} Rxf2
{[%clk 0:10:14]} 41. Rxf2 {[%clk 0:07:32]} h4 {[%clk 0:10:05]} 42. Kd1
{[%clk 0:07:12]} h3 {[%clk 0:10:21]} 43. Ne1 {[%clk 0:07:25]} Qh4
{[%clk 0:10:39]} 0-1

[Event "PMPJ 2022 - C15"]
[Site "Jastrzebia Gora"]
[Date "2022.11.12"]
[Round "8.19"]
[White "Wilgosz, Szczepan"]
[Black "Rodziewicz-bielewicz, Kuba"]
[Result "1-0"]
[BlackElo "1274"]
[WhiteElo "1618"]
[LiveChessVersion "1.4.4"]

1. e4 {[%clk 1:30:58]} e5 {[%clk 1:30:52]} 2. Nf3 {[%clk 1:31:22]} Nc6
{[%clk 1:31:16]} 3. Bb5 {[%clk 1:31:48]} Nf6 {[%clk 1:31:32]} 4. d3
{[%clk 1:31:51]} Bc5 {[%clk 1:30:54]} 5. c3 {[%clk 1:31:56]} d6 {[%clk 1:30:42]}
6. d4 {[%clk 1:30:47]} exd4 {[%clk 1:30:30]} 7. cxd4 {[%clk 1:28:31]} Bb4+
{[%clk 1:30:09]} 8. Bd2 {[%clk 1:26:06]} O-O {[%clk 1:27:41]} 9. d5
{[%clk 1:22:09]} Bxd2+ {[%clk 1:27:32]} 10. Nbxd2 {[%clk 1:22:04]} Ne5
{[%clk 1:27:33]} 11. Nxe5 {[%clk 1:20:25]} dxe5 {[%clk 1:26:45]} 12. O-O
{[%clk 1:18:23]} Bd7 {[%clk 1:24:18]} 13. Qb3 {[%clk 1:17:19]} Bxb5
{[%clk 1:21:51]} 14. Qxb5 {[%clk 1:17:34]} c6 {[%clk 1:21:39]} 15. Qxb7
{[%clk 1:15:44]} cxd5 {[%clk 1:21:52]} 16. exd5 {[%clk 1:15:28]} Qxd5
{[%clk 1:20:41]} 17. Qxd5 {[%clk 1:15:16]} Nxd5 {[%clk 1:21:02]} 18. Nc4
{[%clk 1:14:09]} f6 {[%clk 1:20:34]} 19. Rfd1 {[%clk 1:11:39]} Rfd8
{[%clk 1:16:59]} 20. Rac1 {[%clk 0:46:02]} Nf4 {[%clk 1:12:12]} 21. Kf1
{[%clk 0:45:19]} Rxd1+ {[%clk 1:11:20]} 22. Rxd1 {[%clk 0:45:39]} Rc8
{[%clk 1:11:06]} 23. b3 {[%clk 0:45:31]} Rc7 {[%clk 1:10:18]} 24. Rd6
{[%clk 0:37:25]} Kf7 {[%clk 1:09:49]} 25. g3 {[%clk 0:35:56]} Ne6
{[%clk 1:01:10]} 26. Ke2 {[%clk 0:19:52]} Ke7 {[%clk 1:00:45]} 27. Rd5
{[%clk 0:18:52]} Nd4+ {[%clk 1:00:01]} 28. Kd3 {[%clk 0:17:11]} Ke6
{[%clk 0:49:41]} 29. Ra5 {[%clk 0:09:31]} Rd7 {[%clk 0:48:57]} 30. Kc3
{[%clk 0:09:23]} Rc7 {[%clk 0:48:06]} 31. f4 {[%clk 0:04:14]} Nf3
{[%clk 0:44:51]} 32. fxe5 {[%clk 0:04:13]} Nxe5 {[%clk 0:44:21]} 33. Ra6+
{[%clk 0:03:39]} Kf5 {[%clk 0:36:36]} 34. Kb4 {[%clk 0:01:11]} Nxc4
{[%clk 0:35:24]} 35. bxc4 {[%clk 0:01:26]} Ke5 {[%clk 0:32:57]} 36. Kb5
{[%clk 0:00:58]} Rb7+ {[%clk 0:31:43]} 37. Kc6 {[%clk 0:01:14]} Re7
{[%clk 0:31:23]} 38. Ra4 {[%clk 0:00:35]} g6 {[%clk 0:29:13]} 39. c5
{[%clk 0:00:35]} f5 {[%clk 0:29:01]} 40. Ra3 {[%clk 0:00:39]} Rf7
{[%clk 0:27:41]} 41. Re3+ {[%clk 0:00:43]} Kd4 {[%clk 0:27:56]} 42. Re6
{[%clk 0:01:04]} Kc4 {[%clk 0:27:47]} 43. a4 {[%clk 0:00:46]} Kb4
{[%clk 0:26:55]} 44. Kd6 {[%clk 0:01:05]} Ka5 {[%clk 0:25:56]} 45. Re7
{[%clk 0:01:01]} Rf6+ {[%clk 0:25:52]} 46. Kd7 {[%clk 0:01:20]} Ka6
{[%clk 0:25:04]} 47. c6 {[%clk 0:01:38]} Rf8 {[%clk 0:25:28]} 48. a5
{[%clk 0:00:54]} f4 {[%clk 0:24:03]} 49. gxf4 {[%clk 0:00:46]} Rxf4
{[%clk 0:24:16]} 50. Re6 {[%clk 0:00:47]} Rc4 {[%clk 0:23:53]} 51. Re5
{[%clk 0:00:46]} Rd4+ {[%clk 0:23:16]} 52. Kc8 {[%clk 0:01:00]} Rd2
{[%clk 0:22:30]} 53. c7 {[%clk 0:00:58]} Rd6 {[%clk 0:22:40]} 54. Kb8
{[%clk 0:01:02]} Rd2 {[%clk 0:20:53]} 55. c8=B# {[%clk 0:01:00]} 1-0

[Event "PMPJ 2022 - C15"]
[Site "Jastrzebia Gora"]
[Date "2022.11.12"]
[Round "8.20"]
[White "Spytek, Hubert"]
[Black "Zieba, Hubert"]
[Result "0-1"]
[BlackElo "1453"]
[WhiteElo "1416"]
[LiveChessVersion "1.4.4"]

1. d4 {[%clk 1:30:49]} Nf6 {[%clk 1:30:58]} 2. Nf3 {[%clk 1:31:11]} e6
{[%clk 1:31:21]} 3. c4 {[%clk 1:31:33]} b6 {[%clk 1:31:46]} 4. g3
{[%clk 1:31:43]} Bb7 {[%clk 1:32:11]} 5. Bg2 {[%clk 1:31:41]} Be7
{[%clk 1:32:34]} 6. O-O {[%clk 1:31:37]} O-O {[%clk 1:32:59]} 7. Nc3
{[%clk 1:31:59]} d5 {[%clk 1:33:24]} 8. b3 {[%clk 1:31:32]} Nbd7 {[%clk 1:33:25]}
9. Bb2 {[%clk 1:30:34]} c5 {[%clk 1:32:38]} 10. e3 {[%clk 1:24:37]} Rc8
{[%clk 1:32:07]} 11. Rc1 {[%clk 1:24:24]} dxc4 {[%clk 1:31:40]} 12. bxc4
{[%clk 1:22:47]} cxd4 {[%clk 1:31:59]} 13. Qxd4 {[%clk 1:21:37]} Bc5
{[%clk 1:27:12]} 14. Qd3 {[%clk 1:15:09]} Qe7 {[%clk 1:26:37]} 15. Rfd1
{[%clk 1:12:26]} Rfd8 {[%clk 1:25:48]} 16. Qe2 {[%clk 1:07:49]} Ne4
{[%clk 1:21:29]} 17. Na4 {[%clk 0:57:59]} Ba3 {[%clk 1:19:18]} 18. Nd2
{[%clk 0:43:10]} Bxb2 {[%clk 1:18:58]} 19. Nxb2 {[%clk 0:42:20]} Ndc5
{[%clk 1:17:23]} 20. Nxe4 {[%clk 0:40:41]} Bxe4 {[%clk 1:17:06]} 21. Bxe4
{[%clk 0:40:21]} Nxe4 {[%clk 1:17:17]} 22. Qc2 {[%clk 0:38:17]} Qb7
{[%clk 1:15:43]} 23. Rxd8+ {[%clk 0:36:21]} Rxd8 {[%clk 1:16:03]} 24. Rd1
{[%clk 0:36:37]} Rxd1+ {[%clk 1:15:56]} 25. Qxd1 {[%clk 0:36:24]} h6
{[%clk 1:15:36]} 26. Qd8+ {[%clk 0:36:12]} Kh7 {[%clk 1:16:01]} 27. Qd3
{[%clk 0:36:28]} g6 {[%clk 1:16:16]} 28. f3 {[%clk 0:32:12]} Nc5 {[%clk 1:14:19]}
29. Qe2 {[%clk 0:30:51]} Qa6 {[%clk 1:14:03]} 30. Nd1 {[%clk 0:28:53]} Qa3
{[%clk 1:13:50]} 31. Qd2 {[%clk 0:16:10]} Nd3 {[%clk 1:08:07]} 32. Kg2
{[%clk 0:04:00]} Ne5 {[%clk 1:07:50]} 33. Qb2 {[%clk 0:00:58]} Nxc4
{[%clk 1:07:33]} 34. Qf6 {[%clk 0:00:39]} Qxa2+ {[%clk 1:06:12]} 35. Kh3
{[%clk 0:00:47]} Nd6 {[%clk 1:06:28]} 36. e4 {[%clk 0:00:50]} Qc2
{[%clk 1:05:28]} 37. Ne3 {[%clk 0:00:52]} Qc7 {[%clk 1:03:55]} 38. Ng4
{[%clk 0:00:57]} h5 {[%clk 1:02:32]} 39. Qh4 {[%clk 0:00:42]} Kg7
{[%clk 0:59:16]} 40. Qf6+ {[%clk 0:01:00]} Kg8 {[%clk 0:58:45]} 41. Nh6+
{[%clk 0:00:34]} Kh7 {[%clk 0:59:09]} 42. e5 {[%clk 0:00:46]} Ne8
{[%clk 0:58:36]} 43. Qg5 {[%clk 0:00:37]} Ng7 {[%clk 0:58:21]} 44. g4
{[%clk 0:00:48]} a5 {[%clk 0:55:19]} 45. Qf4 {[%clk 0:00:37]} hxg4+
{[%clk 0:54:18]} 46. Nxg4 {[%clk 0:00:54]} Kg8 {[%clk 0:52:10]} 47. Qh6
{[%clk 0:00:41]} Qc3 {[%clk 0:51:31]} 48. Nf6+ {[%clk 0:00:37]} Kf8
{[%clk 0:51:57]} 49. Qf4 {[%clk 0:00:44]} Nf5 {[%clk 0:50:39]} 50. Qe4
{[%clk 0:00:55]} Kg7 {[%clk 0:49:55]} 51. Ne8+ {[%clk 0:00:44]} Kh6
{[%clk 0:49:56]} 52. Qf4+ {[%clk 0:00:57]} g5 {[%clk 0:50:17]} 53. Qe4
{[%clk 0:00:45]} Qe3 {[%clk 0:50:03]} 54. Qg4 {[%clk 0:00:58]} Qxe5
{[%clk 0:50:04]} 55. Qg1 {[%clk 0:01:00]} Qe3 {[%clk 0:49:56]} 56. Qg4
{[%clk 0:01:15]} Qd4 {[%clk 0:49:31]} 57. f4 {[%clk 0:01:24]} Qd3+
{[%clk 0:49:51]} 58. Kg2 {[%clk 0:01:44]} Ne3+ {[%clk 0:50:18]} 0-1

[Event "PMPJ 2022 - C15"]
[Site "Jastrzebia Gora"]
[Date "2022.11.12"]
[Round "8.21"]
[White "Kozik, Maksymilian"]
[Black "Miler, Franciszek"]
[Result "0-1"]
[BlackElo "1608"]
[WhiteElo "1341"]
[LiveChessVersion "1.4.4"]

1. e4 {[%clk 1:30:58]} c5 {[%clk 1:30:52]} 2. Nf3 {[%clk 1:31:23]} e6
{[%clk 1:31:18]} 3. d4 {[%clk 1:31:47]} cxd4 {[%clk 1:31:40]} 4. Nxd4
{[%clk 1:32:12]} Nf6 {[%clk 1:31:58]} 5. Nc3 {[%clk 1:31:38]} d6 {[%clk 1:32:19]}
6. Bb5+ {[%clk 1:31:32]} Nbd7 {[%clk 1:31:17]} 7. O-O {[%clk 1:31:25]} a6
{[%clk 1:31:37]} 8. Bxd7+ {[%clk 1:31:46]} Bxd7 {[%clk 1:31:54]} 9. Bg5
{[%clk 1:30:38]} Be7 {[%clk 1:32:12]} 10. Kh1 {[%clk 1:30:22]} O-O
{[%clk 1:31:02]} 11. Qd3 {[%clk 1:27:55]} Qc7 {[%clk 1:26:41]} 12. f4
{[%clk 1:24:34]} b5 {[%clk 1:25:16]} 13. Rae1 {[%clk 1:22:38]} b4
{[%clk 1:21:56]} 14. e5 {[%clk 1:20:47]} bxc3 {[%clk 1:20:27]} 15. exf6
{[%clk 1:21:06]} Bxf6 {[%clk 1:20:31]} 16. Bxf6 {[%clk 1:20:58]} gxf6
{[%clk 1:20:54]} 17. Qg3+ {[%clk 1:20:04]} Kh8 {[%clk 1:21:17]} 18. Qh4
{[%clk 1:20:11]} Qd8 {[%clk 1:20:46]} 19. Re3 {[%clk 1:19:41]} Rg8
{[%clk 1:17:17]} 20. Rxc3 {[%clk 1:17:15]} e5 {[%clk 1:08:37]} 21. Nc6
{[%clk 1:16:12]} Bxc6 {[%clk 1:08:37]} 22. Rxc6 {[%clk 1:16:34]} f5
{[%clk 1:07:23]} 23. Qh5 {[%clk 1:16:05]} Qd7 {[%clk 1:05:04]} 24. Qf3
{[%clk 1:15:40]} Rac8 {[%clk 1:00:18]} 25. Rxc8 {[%clk 1:15:40]} Rxc8
{[%clk 1:00:25]} 26. fxe5 {[%clk 1:14:45]} dxe5 {[%clk 1:00:36]} 27. c3
{[%clk 1:14:07]} Rd8 {[%clk 1:00:51]} 28. Kg1 {[%clk 1:13:49]} f4
{[%clk 1:00:09]} 29. Qe2 {[%clk 1:13:24]} Qd6 {[%clk 0:58:46]} 30. Re1
{[%clk 1:11:21]} f6 {[%clk 0:59:12]} 31. Qf2 {[%clk 1:08:45]} Qd2
{[%clk 0:42:33]} 32. Re2 {[%clk 1:08:06]} Qd3 {[%clk 0:34:49]} 33. Qf1
{[%clk 1:05:22]} Rd6 {[%clk 0:27:01]} 34. Rf2 {[%clk 1:04:31]} Qe3
{[%clk 0:27:25]} 35. Qe2 {[%clk 1:04:17]} Qc5 {[%clk 0:26:03]} 36. Kf1
{[%clk 1:00:38]} Qc6 {[%clk 0:24:51]} 37. Qf3 {[%clk 0:57:25]} Qc4+
{[%clk 0:24:43]} 38. Kg1 {[%clk 0:56:08]} Qxa2 {[%clk 0:21:12]} 39. Qh5
{[%clk 0:55:39]} Qa4 {[%clk 0:19:10]} 40. Qf7 {[%clk 0:53:08]} Rd1+
{[%clk 0:19:32]} 41. Rf1 {[%clk 0:53:20]} Rxf1+ {[%clk 0:19:56]} 42. Kxf1
{[%clk 0:53:41]} Qa1+ {[%clk 0:20:18]} 43. Ke2 {[%clk 0:53:53]} Qxb2+
{[%clk 0:20:36]} 44. Kf1 {[%clk 0:51:37]} Qc1+ {[%clk 0:20:40]} 45. Ke2
{[%clk 0:51:37]} Qe3+ {[%clk 0:20:32]} 46. Kf1 {[%clk 0:51:48]} Qd3+
{[%clk 0:20:21]} 47. Kf2 {[%clk 0:51:59]} Qd2+ {[%clk 0:18:48]} 48. Kf1
{[%clk 0:52:06]} Qd8 {[%clk 0:19:12]} 49. c4 {[%clk 0:52:19]} e4 {[%clk 0:18:41]}
50. Kf2 {[%clk 0:49:53]} Qd2+ {[%clk 0:18:54]} 51. Kf1 {[%clk 0:50:12]} Qd1+
{[%clk 0:19:15]} 0-1